الوجيز فى العسكرية الإسرائيلية / (Record no. 15826)
[ view plain ]
| 000 -الفاتح | |
|---|---|
| حقل البيانات ثابتة الطول | 01205nam a22002297a 4500 |
| 008 - عناصر البيانات ثابتة الطول - معلومات عامة | |
| حقل البيانات ثابتة الطول | 110815s1968 ua||||| |||| 00| 0 ara d |
| 082 ## - رقم تصنيف ديوى العشرى | |
| رقم الطبعة | 22 |
| رقم التصنيف | 355.021 |
| رقم المادة | خ ط ا |
| 100 1# - المدخل الرئيسى - إسم شخصى | |
| 9 (RLIN) | 26693 |
| الإسم الشخصى | خطاب ، محمود شيت |
| 245 ## - بيان العنوان | |
| العنوان | الوجيز فى العسكرية الإسرائيلية / |
| بيان المسئوليه,etc | محمود شيت خطاب |
| 260 ## - PUBLICATION, DISTRIBUTION, ETC. (IMPRINT) | |
| مكان الناشر او الموزع | القاهرة : |
| اسم الناشر او الموزع | معهد البحوث والدراسات العربية ، |
| تاريخ النشر أو التوزيع | 1968. |
| 300 ## - الوصف المادى | |
| التعداد | 256 ص : |
| تفاصيل ماديه اخرى للوعاء | خريطة ؛ |
| أبعاد الوعاء | 24 سم. |
| 500 ## - تبصرة عامة | |
| تبصرة عامة | محاضرات ألقاها اللواء الركن محمود شيت خطاب على طلبة قسم البحوث والدراسات الفلسطينية |
| 504 ## - تبصرة ببليوجرافية | |
| تبصرة ببليوجرافية,الخ | يشتمل عى إرجاعات ببليوجرافية 226 - 230 وكشاف من 231 - 243 |
| 650 ## - المدخل الاضافى بالموضوع-مصطلح موضوعى | |
| 9 (RLIN) | 17545 |
| مصطلح موضوعي أو اسم جغرافي كعنصر مدخل | العسكرية |
| 650 ## - المدخل الاضافى بالموضوع-مصطلح موضوعى | |
| 9 (RLIN) | 22272 |
| مصطلح موضوعي أو اسم جغرافي كعنصر مدخل | السياسة العسكرية |
| 650 ## - المدخل الاضافى بالموضوع-مصطلح موضوعى | |
| 9 (RLIN) | 26694 |
| مصطلح موضوعي أو اسم جغرافي كعنصر مدخل | التاريخ الحربي |
| 650 ## - المدخل الاضافى بالموضوع-مصطلح موضوعى | |
| 9 (RLIN) | 26695 |
| مصطلح موضوعي أو اسم جغرافي كعنصر مدخل | الاسلحة والتسليح |
| 650 ## - المدخل الاضافى بالموضوع-مصطلح موضوعى | |
| 9 (RLIN) | 26696 |
| مصطلح موضوعي أو اسم جغرافي كعنصر مدخل | اسرائيل |
| التقسيم الفرعي العام | سياسة عسكرية |
| 653 ## - مصطلح تكشيفى غير مقيد | |
| Resource For college | |
| Arrived date list | August2011 |
| 942 ## - عناصر المدخل الإضافي( كوها) | |
| مصدر التصنيف او مخطط الترفيف | Dewey Decimal Classification |
| Koha [default] item type | Book - Borrowing |
| حالة التراجع | حالة الفقد | مصدر التصنيف او خطة الترفيف | حالة تلف | ليس للاعارة | مجموعات كوها | المكان الدائم | المكان الحالي | موقع الترفيف | تاريخ الاكتساب | Source of acquisition | رقم الاستدعاء | الباركود | Date last seen | نوع الوعاء |
|---|---|---|---|---|---|---|---|---|---|---|---|---|---|---|
| Dewey Decimal Classification | Alef-Baa | Central Library | Central Library | First floor | 15/08/2011 | 355.021 خ ط ا | 000024538 | 15/07/2025 | Book - Borrowing |